Łatwy quiz. - Statystyki

Ogólne statystyki
  • Ten quiz został rozwiązany 19 razy
  • Średni wynik to 3 z 6
Statystyki odpowiedzi
Zagadnienie Odpowiedź % Poprawnych
Ile to 1+1? 2
100%
Dzieci się nazywają: Poniedziałek, Wtorek, Środa, Czwartek, Piątek, Sobota, Niedziela. Jak się nazywa mama? Tydzień
73%
Jak się pisze? xD
53%
Masz 12 krów na fermie. 2 zdechły, 3 uciekły. Ile ci krów zostało? 9
47%
Kliknij "A". A
27%
Wybierz poprawną odpowiedź. Poprawna odpowiedź
27%
Nie znaleziono quizów pasujących do podanych kryteriów
Rozkład punktacji
Procent ludzi z każdym wynikiem
Percentyl według liczby udzielonych odpowiedzi
Twoja historia wyników
Nie rozwiązałeś tego quizu